000 00327nam a22001457a 4500
003 SGT
020 _a978-15-43342-77-2
082 _a611
_bH18M
100 _aMITTAL,PAYAL
245 _aHUMAN ANATOMY AND PHYSIOLOGY-II
260 _aJALANDHAR
_bS.VIKASH PUB
_c2018
300 _a134
650 _aPHARMACY
942 _2ddc
_cBK
_026
999 _c15368
_d15368